| 000 | 00919 a2200193 4500 | ||
|---|---|---|---|
| 999 |
_c8000 _d8000 |
||
| 020 | _a0850927382 | ||
| 050 | 0 | 0 | _aHG 3891 GRI 2003 |
| 100 |
_aGriffith-Jones, stephany _eeditor |
||
| 245 | 1 | 0 |
_aEnhancing private capital flows to developing countries in the new international context : _breport of the Conference on Enhancing Private Capital Flows to Developing Countries in the New International Context, Millennium Mayfair Hotel, Grosvenor Square, London, 3 July 2002 / _cStephany Griffith-Jones, Amar Bhattacharya and Andreas Antoniou. |
| 264 |
_aLondon : _bCommonwealth Secretariat, _c2003 |
||
| 300 |
_avi, 122 p. : _btables ; |
||
| 500 | _aIncludes bibliographical references | ||
| 504 | _aIncludes bibliographical references | ||
| 650 | 0 | _aCapital movements | |
| 650 | 0 | _aInvestments, Foreign | |
| 700 | 1 |
_aBhattacharya, Amar, _eeditor |
|
| 700 | 1 |
_aAntoniou, Andreas, _eeditor |
|
| 942 |
_2lcc _cBK _h3891 _iGRI _kHG |
||